00937 2200313 4500001002100000001002100021005001500042020002200057035002400079040001200103082002000115084002000135090001600155090002000171100001900191245009900210245009900309250001200408260002200420260003300442300003500475600001000510650002900520700001700549850001200566990001500578990001500593990001500608YOGYA000000000000929YOGYA00000000000092920140822075638 a978-602-8864-71-8 0010-081400000000969 aYOPDYOG 2[22]aDEP 915.1 aDEP 915.1 Rah R a658.3 Mar M aDEP 915.1 Rah R aRAHMA YULIANTI aMari merebut peluang kerja : bebas memilih kedudukan yang menguntungkan andacMargatan, Arcole aRp. 3 juta keliling China Utara /cRahma Yulianti ; Penyunting, Ikhdah Henny ; Ilustrasi Upiet aCet. 1. aSolobAnekac1994 aYogyakarta :bB. Firstc2013 axi, 209 hlm.b: ilus.;c20 cm. aUpiet aIndustri Pariwisata-Cina aIkhdah Henny aYOPDYOG a77232-P/96 a77233-P/96 a77234-P/96